000 01382nam a2200349 c 4500
003 BLK
005 20180420214011.0
008 180412b bul|||||r ||||||| ||bul||
010 _aKNG00006896000
040 _aBLK
041 _aBUL
_cBUL
080 _aАмериканска литература (на САЩ)
_b821.111(73)
_x-312.4
_z821.111(73)-312.4
100 1 _aСпилейн, Мики
_eпърви автор
_gМорис, Франк
_9122690
700 1 _aПопова, Красимира
_eпрев.
_9250441
700 1 _aСлавков, Марин
_eпрев.
_9250442
700 1 _aМорис, Франк
_9241676
139 _aСпилейн, Мики
_bС 57
245 1 0 _aШанс за оцеляване... нула
_bКримин. роман
_cМики Спилейн; прев. Красимира Попова; прев. Марин Славков; Франк Морис.
246 1 1 _aSurvival... Zero
257 _aUSA
260 София
_bРеал
_c1995
300 _a208 с.
_c20 см
380 _aX
500 _aОриг. загл. Survival... zero / Mickey Spillane ; Мики Спилейн - псевд. на Франк Морис. - 10 000 тир.
653 _aромани
653 _aкрими
852 _aЦб 182171
856 4 _qpdf
_u
856 4 _qpdf
_u
942 _cKNG
_n0
944 _aCR
_c15.01.2003
_kГеновева_Генчева
944 _aED
_c17.05.2005
_k
999 _c5696
_d5696